000 00817nam a22002057a 4500
010 _aA-394240
020 _c175.00
035 _aA-394240
037 _bCen Lib / Ret
040 _aDPL
_bEN
082 _a803
_bपाण्डेय
245 _aहिंदी विश्व साहित्य कोश /
_chindi viswasahitya kosh
260 _aवाराणसी
_bनगरी प्रचारणी सभा
270 _aनगरी प्रचारणी सभा
_bवाराणसी
300 _av 1. 472p
_c27cm(Hb)
505 _av 1 अंक से कामदी तक
650 _ahindi viswasahitya kosh
_9141715
650 _aहिंदी विश्व साहित्य कोश
_948535
942 _2ddc
_cHN
_h803
_mपाण्डेय
999 _c122087
_d122087